[Event "ICS unrated blitz match"]
[Site "204.178.125.65"]
[Date "1999.11.28"]
[Round "?"]
[White "GeorgeVidan"]
[Black "Hossa"]
[Result "0-1"]
[WhiteElo "2321"]
[BlackElo "2420"]
[PlyCount "58"]
[EventDate "1999.??.??"]

1. a3 d5 2. f4 Nf6 3. d4 Bf5 4. e3 Nbd7 5. Bd3 e6 6. Nf3 Be7 7. Nbd2 O-O 8. Nf1
Bxd3 9. cxd3 c5 10. dxc5 Nxc5 11. b4 Ncd7 12. Bb2 Rc8 13. N1d2 Qb6 14. Bd4 Qa6
15. Qe2 Rc2 16. O-O Rfc8 17. Ne5 Ne4 18. Rfd1 Nxe5 19. Bxe5 Nc3 20. Bxc3 R8xc3
21. Qg4 Rxa3 22. Rxa3 Qxa3 23. f5 Qxb4 24. Qxb4 Bxb4 25. Nf3 Bc3 26. fxe6 fxe6
27. d4 h6 28. g4 b5 29. Ne5 29... a5 {GeorgeVidan resigns} 0-1

[Event "ICS rated standard match"]
[Site "204.178.125.65"]
[Date "1999.11.28"]
[Round "?"]
[White "Hossa"]
[Black "JUDAS-PRIEST"]
[Result "1-0"]
[WhiteElo "2203"]
[BlackElo "2115"]
[PlyCount "31"]
[EventDate "1999.??.??"]

1. f4 d5 2. Nf3 c5 3. e3 Nc6 4. Be2 Nf6 5. d4 Bg4 6. h3 Bxf3 7. Bxf3 g6 8. O-O
Bg7 9. dxc5 O-O 10. c4 e6 11. cxd5 exd5 12. Nc3 d4 13. exd4 Nxd4 14. Bxb7 Rb8
15. Bf3 Nxf3+ 16. Qxf3 {JUDAS-PRIEST resigns} 1-0

[Event "ICS unrated blitz match"]
[Site "204.178.125.65"]
[Date "1999.11.28"]
[Round "?"]
[White "Moron"]
[Black "Hossa"]
[Result "1-0"]
[WhiteElo "2669"]
[BlackElo "2420"]
[PlyCount "143"]
[EventDate "1999.??.??"]

1. e4 e5 2. Nf3 Nc6 3. Bb5 a6 4. Ba4 Nf6 5. O-O Nxe4 6. d4 exd4 7. Re1 d5 8.
Nxd4 Bd6 9. Nxc6 Bxh2+ 10. Kh1 Qh4 11. Rxe4+ dxe4 12. Qd8+ Qxd8 13. Nxd8+ Kxd8
14. Kxh2 Be6 15. Be3 Ke7 16. Bc5+ Kf6 17. Nd2 b5 18. Bb3 Bxb3 19. axb3 Kf5 20.
g4+ Kxg4 21. Rg1+ Kf5 22. Rxg7 Rad8 23. Be3 Kf6 24. Rg4 h5 25. Nxe4+ Ke7 26.
Rg5 Rd1 27. Rc5 Kd8 28. Bg5+ Kc8 29. Bf4 Kd8 30. Bxc7+ Ke7 31. Bf4 h4 32. Rc6
a5 33. Rb6 Rc8 34. Bg5+ Kd7 35. Nf6+ Ke7 36. Ng4+ Kf8 37. Rh6 f6 38. Rxf6+ Kg7
39. Ne3 Re1 40. Bxh4 Rb1 41. Nf5+ Kh7 42. Rh6+ Kg8 43. Rg6+ Kf7 44. Rf6+ Ke8
45. Nd6+ Kd7 46. Nxc8 Kxc8 47. Rf5 Rxb2 48. Rxb5 Rxc2 49. Rxa5 Rb2 50. Rb5 Kd7
51. Kg2 Kc6 52. Rb8 Kc7 53. Bg3+ Kd7 54. Rb6 Re2 55. Rd6+ Ke8 56. Kf3 Rb2 57.
Rb6 Rb1 58. b4 Kd7 59. b5 Ke7 60. Ke4 Ke8 61. Rb7 Rd1 62. b6 Rd2 63. Ra7 Re2+
64. Kf5 Rb2 65. Ke6 Kf8 66. Ra8+ Kg7 67. Be5+ Kg6 68. Bxb2 Kg5 69. Ra4 Kg6 70.
Bf6 Kh6 71. Kf7 Kh5 72. Rh4# {Hossa checkmated} 1-0

[Event "ICS Rated standard match"]
[Site "204.178.125.65"]
[Date "1999.11.28"]
[Round "?"]
[White "JUDAS-PRIEST"]
[Black "Hossa"]
[Result "1-0"]
[WhiteElo "2103"]
[BlackElo "2215"]
[PlyCount "205"]
[EventDate "1999.??.??"]

1. d4 d5 2. Bg5 Nf6 3. Bxf6 exf6 4. e3 Bb4+ 5. c3 Bd6 6. Bd3 Be6 7. Qf3 c6 8.
Nd2 O-O 9. Ne2 Qc8 10. h3 Nd7 11. O-O Qc7 12. Kh1 Rae8 13. Rg1 Re7 14. g4 Qb6
15. Rab1 Qa5 16. a3 Rfe8 17. Nf1 Qc7 18. Nfg3 a5 19. Rg2 b5 20. Rbg1 Kh8 21.
Nf5 Bxf5 22. gxf5 Rg8 23. Rg4 Ree8 24. Qg2 Bf8 25. Rh4 Bd6 26. Rxh7+ Kxh7 27.
Qg4 g6 28. fxg6+ Kg7 29. gxf7+ Kxf7 30. Qh5+ Ke7 31. Qh7+ Kd8 32. Rxg8 Nf8 33.
Qxc7+ Kxc7 34. Bf5 c5 35. h4 b4 36. axb4 axb4 37. h5 Ra8 38. h6 Ra2 39. dxc5
Bxc5 40. cxb4 Bxb4 41. Kg2 Rxb2 42. Kf3 Kc6 43. h7 Nxh7 44. Bxh7 Bc5 45. Rc8+
Kd6 46. Bf5 Rd2 47. Bh3 Bb6 48. Rf8 Ke7 49. Rb8 Bc7 50. Rb5 Be5 51. Rb7+ Kd6
52. Rd7+ Kc5 53. Be6 Kc6 54. Ng3 Bb2 55. Nf5 Kc5 56. Rc7+ Kb6 57. Rc8 Be5 58.
Ne7 d4 59. Nd5+ Kb7 60. e4 d3 61. Rc4 Rc2 62. Ne3 Rb2 63. Bd5+ Kb8 64. Rc1 Rd2
65. Rd1 Rxd1 66. Nxd1 Kc7 67. Ke3 d2 68. Kxd2 Bd4 69. f4 Kd7 70. Kd3 Ba1 71. f5
Kd6 72. Nf2 Bb2 73. Ng4 Kc5 74. Ke3 Bc1+ 75. Kf3 Bb2 76. Kg3 Bc3 77. Kh4 Bd4
78. Kh5 Kd6 79. Kg6 Ke7 80. Nh6 Kd6 81. Ng8 Ke5 82. Nxf6 Bb2 83. Ne8 Ba3 84. f6
Kf4 85. f7 Be7 86. Kg7 Ke3 87. f8=Q Bxf8+ 88. Kxf8 Kd3 89. Kf7 Ke3 90. Kf6 Kd4
91. Kf5 Kc3 92. e5 Kd3 93. e6 Kd4 94. Nf6 Kc3 95. e7 Kd3 96. e8=Q Kd4 97. Qe4+
Kc3 98. Qc4+ Kd2 99. Ng4 Kd1 100. Qa2 Kc1 101. Be4 Kd1 102. Bd3 Ke1 103. Qe2# {
Hossa checkmated} 1-0

[Event "ICS rated blitz match"]
[Site "204.178.125.65"]
[Date "1999.11.28"]
[Round "?"]
[White "Hossa"]
[Black "Amateur"]
[Result "1-0"]
[WhiteElo "2420"]
[BlackElo "2413"]
[PlyCount "99"]
[EventDate "1999.??.??"]

1. d4 d5 2. Bg5 Nc6 3. Nf3 Nf6 4. e3 Ne4 5. Bf4 Bg4 6. h3 Bh5 7. Bb5 e6 8. g4
g5 9. Be5 f6 10. gxh5 fxe5 11. Nxe5 Qd6 12. Bxc6+ bxc6 13. Qf3 Qb4+ 14. c3 Qe7
15. Nxc6 Qf6 16. Nd2 Bg7 17. Qxf6 Bxf6 18. Nxe4 dxe4 19. Rg1 Rf8 20. Rg4 Kd7
21. Ne5+ Kd6 22. Rxe4 Rab8 23. O-O-O Bh8 24. f3 Rf5 25. Rg1 h6 26. Nc4+ Kd7 27.
Rg3 Rbf8 28. Nd2 Bf6 29. Reg4 Be7 30. Kc2 Rb5 31. c4 Ra5 32. a3 Kc6 33. Nb3 Ra6
34. Re4 Kd7 35. c5 Rc6 36. Na5 Ra6 37. b4 Bf6 38. Reg4 e5 39. d5 Rb8 40. Nc6
Rb5 41. Kb3 e4 42. Rxe4 Rxc6 43. dxc6+ Kxc6 44. Re6+ Kd5 45. Rxf6 g4 46. Rxg4
a5 47. Rxh6 a4+ 48. Kc3 Rxc5+ 49. bxc5 Ke5 50. Rg5# {Amateur checkmated} 1-0

[Event "ICS rated blitz match"]
[Site "204.178.125.65"]
[Date "1999.11.28"]
[Round "?"]
[White "Amateur"]
[Black "Hossa"]
[Result "1-0"]
[WhiteElo "2397"]
[BlackElo "2436"]
[PlyCount "171"]
[EventDate "1999.??.??"]

1. c4 e5 2. Nc3 Nf6 3. Nf3 Nc6 4. g3 Bc5 5. Bg2 d6 6. d3 O-O 7. O-O Bg4 8. Bg5
h6 9. Bxf6 Qxf6 10. Ne4 Qf5 11. Nxc5 dxc5 12. Re1 Rad8 13. Qa4 Qd7 14. Nh4 Nd4
15. Qd1 Bh3 16. e3 Nc6 17. Qb3 Bxg2 18. Nxg2 b6 19. Rad1 Qh3 20. Rd2 Rd6 21.
Qd1 Rfd8 22. Qb3 a5 23. a3 R6d7 24. Qc2 f5 25. b3 Rd6 26. Rf1 R8d7 27. Qc3 Kh8
28. Rdd1 Rg6 29. f4 e4 30. dxe4 Rxd1 31. Rxd1 fxe4 32. Qc2 Qg4 33. Rd5 Qf3 34.
Rd7 Re6 35. Qd2 Re8 36. Nh4 Qg4 37. Qd5 Qe6 38. Rxc7 Nd8 39. Nf5 g6 40. Qd1 Rf8
41. Qa1+ Qf6 42. Qxf6+ Rxf6 43. Nxh6 Rd6 44. f5 gxf5 45. Nxf5 Rd1+ 46. Kg2 Rd2+
47. Kh3 Rf2 48. Nd6 Ne6 49. Rc8+ Kg7 50. Nxe4 Re2 51. Rc6 Kf7 52. Rxb6 Rxe3 53.
Nd6+ Kf6 54. Nb7 Kg5 55. Kg2 Kh5 56. h3 Re2+ 57. Kf1 Nd4 58. Nxc5 Rb2 59. Ra6
Nxb3 60. Nxb3 Rxb3 61. Rxa5+ Kg6 62. Kf2 Rc3 63. c5 Kf5 64. c6+ Ke6 65. Ra6 Kd5
66. h4 Kc4 67. a4 Kb3 68. g4 Rc4 69. Kf3 Kb4 70. h5 Kb3 71. g5 Rc5 72. g6 Kc2
73. g7 Rf5+ 74. Ke4 Rg5 75. c7 Rg4+ 76. Kf3 Rc4 77. g8=Q Rc3+ 78. Ke2 Rxc7 79.
Qg6+ Kc1 80. Qg5+ Kc2 81. Rb6 Kc3 82. Qe5+ Kc4 83. Qxc7+ Kd5 84. Rb5+ Kd4 85.
Qd7+ Ke4 86. Qg4# {Hossa checkmated} 1-0

[Event "ICS rated standard match"]
[Site "204.178.125.65"]
[Date "1999.11.28"]
[Round "?"]
[White "MAX-MARX"]
[Black "Hossa"]
[Result "0-1"]
[WhiteElo "1758"]
[BlackElo "2194"]
[PlyCount "48"]
[EventDate "1999.??.??"]

1. e4 c5 2. Nf3 e6 3. d4 cxd4 4. Nxd4 a6 5. Nc3 Qc7 6. Be3 Nf6 7. Bd3 b5 8. a3
Be7 9. O-O O-O 10. Nf3 Nc6 11. Re1 Bb7 12. Qd2 d6 13. Bg5 Rfd8 14. Rad1 Rac8
15. h3 Ne5 16. Nxe5 dxe5 17. Qe2 Rd7 18. Bxf6 Bxf6 19. Qf3 Be7 20. Be2 Rd4 21.
Rd3 Bxa3 22. Nxb5 axb5 23. Rxa3 b4 24. Ra7 24... Qb8 {MAX-MARX resigns} 0-1

[Event "ICS rated blitz match"]
[Site "204.178.125.65"]
[Date "1999.11.28"]
[Round "?"]
[White "Hossa"]
[Black "Amateur"]
[Result "1/2-1/2"]
[WhiteElo "2418"]
[BlackElo "2404"]
[PlyCount "229"]
[EventDate "1999.??.??"]

1. d4 Nf6 2. c4 g6 3. Nc3 Bg7 4. e4 d6 5. Be2 O-O 6. Nf3 e5 7. dxe5 dxe5 8.
Qxd8 Rxd8 9. Bg5 Re8 10. Nd5 Nxd5 11. cxd5 Bg4 12. h3 Bd7 13. O-O Rc8 14. Rac1
a5 15. Be7 Na6 16. Rfe1 b6 17. Red1 Ra7 18. Bc4 b5 19. Bb3 a4 20. Bc2 Rb7 21.
Bb1 f6 22. Bd3 Ra8 23. Rc2 Re8 24. Ba3 Ra8 25. b3 axb3 26. axb3 Be8 27. Be2 Bf7
28. Rdc1 Rc8 29. Ra1 f5 30. Ng5 fxe4 31. Nxf7 Kxf7 32. Bg4 Rd8 33. Be6+ Kf6 34.
Re1 Rb6 35. g4 h6 36. h4 b4 37. Bc1 Ke7 38. Rxe4 Rb5 39. Bd2 Ra8 40. Bxb4+ Kd8
41. Ra2 Rbb8 42. Ra5 Nxb4 43. Rxb4 Bf6 44. h5 gxh5 45. gxh5 Bg5 46. Kg2 Bd2 47.
Rxa8 Rxa8 48. Rb7 Ra2 49. Rb8+ Ke7 50. Rc8 Rc2 51. Bf5 Rc3 52. Be4 Kd6 53. Rd8+
Ke7 54. Rb8 Kd6 55. f3 Be3 56. Kg3 Rc1 57. Rd8+ Kc5 58. Kh2 Bf4+ 59. Kg2 Be3
60. Rc8 Rg1+ 61. Kh2 Rg7 62. Kh3 Bf4 63. Rh8 Kd4 64. b4 Kc4 65. b5 Kxb5 66.
Rb8+ Kc5 67. Rb7 Be3 68. Ra7 Kd6 69. Ra3 Bb6 70. Ra6 Rg5 71. Kh4 Kc5 72. Ra1
Kb4 73. Ra2 Kb3 74. Rc2 Kb4 75. Bg6 Bc5 76. Bd3 Bb6 77. Ra2 Rg1 78. Be4 Kb3 79.
Re2 Bd4 80. Kh3 Kc4 81. Rc2+ Bc3 82. Bg6 Rd1 83. Bf7 Kd4 84. Ra2 Rf1 85. Kg2
Ra1 86. Re2 Kd3 87. Re4 Bd4 88. Be8 Kc4 89. Bc6 Ra2+ 90. Kg3 Ra1 91. Re2 Rh1
92. Rc2+ Bc3 93. Rh2 Ra1 94. Kg2 Rb1 95. Rh4+ Bd4 96. Rh1 Rb2+ 97. Kh3 Kc5 98.
Rc1+ Kd6 99. Re1 Rf2 100. Kg3 Rb2 101. Re4 Rb3 102. Rg4 Kc5 103. Kg2 Rb1 104.
Rg6 Be3 105. Re6 Rb2+ 106. Kh3 Bf4 107. Re7 Rh2+ 108. Kg4 Rg2+ 109. Kf5 Kb6
110. Be8 Rd2 111. Bc6 Rg2 112. Be8 Rd2 113. Bc6 Rg2 114. Be8 Rd2 115. Bc6 {
Game drawn by repetition} 1/2-1/2

[Event "ICS rated standard match"]
[Site "204.178.125.65"]
[Date "1999.11.28"]
[Round "?"]
[White "Hossa"]
[Black "Varguz"]
[Result "1-0"]
[WhiteElo "2196"]
[BlackElo "2585"]
[PlyCount "243"]
[EventDate "1999.??.??"]

1. e4 Nf6 2. e5 Nd5 3. c4 Nb6 4. d4 d6 5. exd6 exd6 6. Nf3 Bg4 7. Be2 Nc6 8. d5
Bxf3 9. Bxf3 Ne5 10. Be2 Be7 11. O-O O-O 12. Na3 Re8 13. Re1 c5 14. f4 Ng6 15.
Bd3 Bf6 16. Nb5 Rxe1+ 17. Qxe1 a6 18. Nc3 Qd7 19. Bd2 Re8 20. Qg3 Na4 21. Rb1
b6 22. Qh3 Qxh3 23. gxh3 Nxc3 24. bxc3 Bd8 25. Rb3 Kf8 26. Ra3 a5 27. Rb3 Ke7
28. Rb5 Nh4 29. Kf2 Kf6 30. Kg3 Nf5+ 31. Kg4 Bc7 32. a4 g6 33. Rb1 Bd8 34. Kf3
Re7 35. Be4 Nh4+ 36. Ke3 Bc7 37. Kd3 Re8 38. Be1 Nf5 39. h4 Ng7 40. Bf2 Ke7 41.
Bf3 Kf8 42. Bg4 f5 43. Bf3 Kf7 44. Rb5 h6 45. Be3 Kf6 46. Rb2 Bd8 47. Rb1 Kf7
48. h3 Nh5 49. Bxh5 gxh5 50. Bf2 Rg8 51. Rh1 Bf6 52. Rh2 Rg7 53. Be1 Rg1 54.
Ke2 Ke8 55. Kf2 Rg7 56. Kf1 Re7 57. Re2 Bg7 58. Kf2 Rxe2+ 59. Kxe2 Bf6 60. Ke3
Kd7 61. Kd3 Ke7 62. Bf2 Kd8 63. Kd2 Kd7 64. Be1 Ke7 65. Bg3 Bg7 66. Kc2 Kd7 67.
Kb2 Bf6 68. Be1 Kc8 69. Bf2 Kc7 70. Kc2 Bh8 71. Bg3 Kd8 72. Kb3 Bf6 73. Bf2 Bg7
74. Be1 Ke8 75. Kb2 Ke7 76. Kc1 Kd8 77. Kd2 Kd7 78. Kd3 Ke7 79. Ke3 Bh8 80. Kf3
Bf6 81. Kg3 Kf7 82. Kg2 Ke8 83. Kf3 Kd8 84. Kg3 Ke7 85. Kf3 Kd7 86. Ke3 Kc7 87.
Kd2 Bh8 88. Kc2 Kc8 89. Kb3 Kd7 90. Bg3 Bf6 91. Bf2 Ke7 92. Bg3 Ke8 93. Kc2 Kd8
94. Be1 Ke7 95. Kb2 Kd7 96. Bf2 Ke8 97. Be1 Ke7 98. Bf2 Bg7 99. Bg1 Kf7 100.
Kc2 Ke8 101. Bf2 Kd7 102. Kd3 Ke7 103. Be3 Ke8 104. Bf2 Kd8 105. Be3 Bf6 106.
Bf2 Ke8 107. Bg3 Kf8 108. Bf2 Kg8 109. Bg3 Bg5 110. fxg5 hxg5 111. hxg5 f4 112.
Bxf4 Kf7 113. Bxd6 h4 114. Bc7 Ke7 115. d6+ Ke8 116. g6 Kd7 117. g7 b5 118.
g8=Q bxa4 119. Qf7+ Kc8 120. Qe8+ Kb7 121. Qb8+ Ka6 122. Qa8# {
Varguz checkmated} 1-0

[Event "ICS rated blitz match"]
[Site "204.178.125.65"]
[Date "1999.11.28"]
[Round "?"]
[White "Manopesada"]
[Black "Hossa"]
[Result "1/2-1/2"]
[WhiteElo "2155"]
[BlackElo "2417"]
[PlyCount "97"]
[EventDate "1999.??.??"]

1. c4 e5 2. g3 Bc5 3. Bg2 c6 4. Nc3 f5 5. e3 Nf6 6. Nge2 O-O 7. d4 exd4 8. exd4
Bb6 9. O-O Re8 10. c5 Bc7 11. Bf4 Bxf4 12. Nxf4 d5 13. cxd6 Qxd6 14. Qb3+ Kh8
15. Rfe1 Qf8 16. d5 a5 17. dxc6 Nxc6 18. Nb5 a4 19. Qc3 Ne4 20. Bxe4 Rxe4 21.
Rxe4 fxe4 22. Nc7 Ra5 23. Rd1 Rc5 24. Qa3 Qf5 25. Ncd5 Ra5 26. Ne3 Qf7 27. Qd6
Rb5 28. Rd2 Kg8 29. h4 Qxa2 30. Qc7 Be6 31. Rd6 Qb1+ 32. Kg2 Bf5 33. Rxc6 bxc6
34. Qd8+ Kf7 35. Qc7+ Kg8 36. Qd8+ Kf7 37. Nxf5 Rxf5 38. Qd7+ Kg8 39. Qxf5 h6
40. Qe6+ Kh7 41. h5 Qd1 42. Qg6+ Kg8 43. Qe8+ Kh7 44. Qg6+ Kg8 45. Qe8+ Kh7 46.
Qg6+ Kg8 47. Qe8+ Kh7 48. Qg6+ Kg8 49. Qe8+ {Game drawn by repetition} 1/2-1/2

[Event "ICS rated blitz match"]
[Site "204.178.125.65"]
[Date "1999.11.28"]
[Round "?"]
[White "Hossa"]
[Black "Astra"]
[Result "1-0"]
[WhiteElo "2407"]
[BlackElo "2208"]
[PlyCount "49"]
[EventDate "1999.??.??"]

1. e4 e5 2. Nf3 Nc6 3. Bb5 a6 4. Ba4 Nf6 5. O-O b5 6. Bb3 Bc5 7. d3 d6 8. Be3
O-O 9. Bxc5 dxc5 10. a4 Rb8 11. axb5 axb5 12. Ra2 Bg4 13. Nbd2 Nd4 14. Ra7 Nh5
15. h3 Bxf3 16. Nxf3 Nxb3 17. cxb3 Qd6 18. Nh4 Nf4 19. Nf5 Qb6 20. Qg4 g6 21.
Rfa1 Kh8 22. R1a6 gxf5 23. Qxf5 Qxa6 24. Rxa6 Nxd3 25. Rh6 {Astra resigns} 1-0

[Event "ICS rated blitz match"]
[Site "204.178.125.65"]
[Date "1999.11.28"]
[Round "?"]
[White "Astra"]
[Black "Hossa"]
[Result "0-1"]
[WhiteElo "2200"]
[BlackElo "2415"]
[PlyCount "48"]
[EventDate "1999.??.??"]

1. e4 c5 2. Nf3 e6 3. Nc3 a6 4. d4 cxd4 5. Nxd4 Qc7 6. Be2 Bb4 7. O-O Nf6 8.
Bd3 Bxc3 9. bxc3 Qxc3 10. Be3 d6 11. Rb1 Nbd7 12. f4 O-O 13. f5 e5 14. Ne2 Qc6
15. c4 Nxe4 16. Qc2 Ndc5 17. f6 Nxf6 18. Rxf6 Nxd3 19. Rf3 Bg4 20. Rg3 Bxe2 21.
Bh6 Qe4 22. h3 Nc5 23. Bxg7 Qxc2 24. Bf6+ 24... Qg6 {Astra resigns} 0-1

[Event "ICS rated blitz match"]
[Site "204.178.125.65"]
[Date "1999.11.28"]
[Round "?"]
[White "Hossa"]
[Black "R-172"]
[Result "1-0"]
[WhiteElo "2422"]
[BlackElo "2153"]
[PlyCount "51"]
[EventDate "1999.??.??"]

1. e4 e5 2. Nf3 Nc6 3. Bb5 a6 4. Ba4 d6 5. O-O Bd7 6. d4 b5 7. Bb3 Nxd4 8. Nxd4
exd4 9. Re1 Be7 10. Qxd4 Nf6 11. e5 c5 12. exf6 cxd4 13. Rxe7+ Qxe7 14. fxe7
Kxe7 15. Nd2 Bc6 16. Nf3 Bxf3 17. gxf3 Rhe8 18. Bf4 Kd7 19. Rd1 g5 20. Bg3 f5
21. f4 g4 22. Kf1 Kc7 23. Rxd4 Re7 24. Bh4 Ree8 25. Rd5 Rf8 26. Be7 {
R-172 resigns} 1-0

[Event "ICS rated blitz match"]
[Site "204.178.125.65"]
[Date "1999.11.28"]
[Round "?"]
[White "Hossa"]
[Black "R-172"]
[Result "1-0"]
[WhiteElo "2433"]
[BlackElo "2142"]
[PlyCount "81"]
[EventDate "1999.??.??"]

1. e4 e5 2. Nf3 Nc6 3. Bb5 Nf6 4. d3 a6 5. Bxc6 bxc6 6. Nxe5 d5 7. Nxc6 Qd6 8.
exd5 Qxd5 9. Qe2+ Be6 10. f4 Qxc6 11. f5 O-O-O 12. fxe6 Bc5 13. exf7 Rhf8 14.
Be3 Rxf7 15. Bxc5 Qxc5 16. Qe6+ Rdd7 17. Qxa6+ Kb8 18. Nc3 Qe3+ 19. Ne2 Rd6 20.
Qa5 Re7 21. Qd2 Rde6 22. O-O-O Qxd2+ 23. Rxd2 Rxe2 24. Kd1 R2e5 25. a4 Nd5 26.
Rf2 Nb6 27. b3 Nd5 28. Kd2 Kb7 29. h4 h6 30. a5 Nb4 31. Ra1 Ka6 32. c3 Nc6 33.
b4 Rd7 34. Rf8 Red5 35. d4 Ne5 36. Re1 c5 37. bxc5 Ng4 38. Re6+ Kxa5 39. Ra8+
Kb5 40. Rb6+ Kc4 41. Ra4# {R-172 checkmated} 1-0

[Event "ICS rated blitz match"]
[Site "204.178.125.65"]
[Date "1999.11.28"]
[Round "?"]
[White "Hossa"]
[Black "ural"]
[Result "1-0"]
[WhiteElo "2443"]
[BlackElo "2174"]
[PlyCount "42"]
[EventDate "1999.??.??"]

1. e4 d5 2. exd5 Qxd5 3. Nc3 Qa5 4. d4 Nf6 5. Nf3 Nc6 6. Bb5 Ne4 7. Bd2 Nxc3 8.
Bxc6+ bxc6 9. bxc3 Ba6 10. Ne5 f6 11. c4 Qa4 12. Qh5+ g6 13. Nxg6 hxg6 14. Qxh8
Qxc4 15. O-O-O O-O-O 16. Qh3+ f5 17. Qb3 Qxd4 18. Be3 Qa1+ 19. Qb1 Qc3 20.
Rxd8+ Kxd8 21. Qb8+ 21... Kd7 {ural resigns} 1-0

[Event "ICS rated blitz match"]
[Site "204.178.125.65"]
[Date "1999.11.28"]
[Round "?"]
[White "ural"]
[Black "Hossa"]
[Result "0-1"]
[WhiteElo "2168"]
[BlackElo "2449"]
[PlyCount "30"]
[EventDate "1999.??.??"]

1. e4 c5 2. b3 Nc6 3. Bb2 e5 4. f4 exf4 5. Qf3 Nd4 6. Bxd4 cxd4 7. Ne2 Qh4+ 8.
Kd1 Bd6 9. Nxd4 Be5 10. Nf5 Qf6 11. c3 g6 12. d4 Bb8 13. Bd3 gxf5 14. exf5 Ne7
15. Re1 15... O-O {ural resigns} 0-1

[Event "ICS rated blitz match"]
[Site "204.178.125.65"]
[Date "1999.11.28"]
[Round "?"]
[White "Hossa"]
[Black "ural"]
[Result "1-0"]
[WhiteElo "2454"]
[BlackElo "2163"]
[PlyCount "39"]
[EventDate "1999.??.??"]

1. e4 d5 2. exd5 Qxd5 3. Nc3 Qa5 4. d4 Nf6 5. Nf3 Nc6 6. Bb5 Ne4 7. Bd2 Nxc3 8.
Bxc6+ bxc6 9. bxc3 Ba6 10. Ne5 f6 11. c4 Qa4 12. Qh5+ g6 13. Nxg6 hxg6 14. Qxh8
Qxc4 15. O-O-O Rb8 16. Bh6 Kd7 17. Bxf8 Qxa2 18. Rhe1 Qb2+ 19. Kd2 Qxd4+ 20.
Kc1 {ural resigns} 1-0

[Event "ICS rated blitz match"]
[Site "204.178.125.65"]
[Date "1999.11.28"]
[Round "?"]
[White "ural"]
[Black "Hossa"]
[Result "0-1"]
[WhiteElo "2158"]
[BlackElo "2459"]
[PlyCount "34"]
[EventDate "1999.??.??"]

1. e4 c5 2. b3 Nc6 3. Bb2 e5 4. f4 exf4 5. Qf3 Nd4 6. Bxd4 cxd4 7. Qxf4 Qf6 8.
Qxf6 Nxf6 9. e5 Ng4 10. Nf3 Bc5 11. h3 Nh6 12. b4 Bxb4 13. Nxd4 O-O 14. Be2 Bc5
15. Nf3 Nf5 16. g4 Nd4 17. c3 17... Nc2+ {ural resigns} 0-1

[Event "ICS rated blitz match"]
[Site "204.178.125.65"]
[Date "1999.11.28"]
[Round "?"]
[White "Hossa"]
[Black "ural"]
[Result "1-0"]
[WhiteElo "2464"]
[BlackElo "2153"]
[PlyCount "47"]
[EventDate "1999.??.??"]

1. e4 d5 2. exd5 Qxd5 3. Nc3 Qa5 4. d4 Nf6 5. Nf3 Nc6 6. Bb5 Ne4 7. Bd2 Nxc3 8.
Bxc6+ bxc6 9. bxc3 Ba6 10. Ne5 f6 11. c4 Qa4 12. Qh5+ g6 13. Nxg6 hxg6 14. Qxh8
Qxc2 15. Rc1 Qe4+ 16. Be3 Qxg2 17. Rf1 O-O-O 18. Qg8 Qe4 19. Rg1 g5 20. Qf7 e5
21. Qe6+ Kb7 22. Ke2 Ka8 23. Qxf6 exd4 24. Qxd8+ {ural resigns} 1-0

[Event "ICS rated blitz match"]
[Site "204.178.125.65"]
[Date "1999.11.28"]
[Round "?"]
[White "ural"]
[Black "Hossa"]
[Result "0-1"]
[WhiteElo "2148"]
[BlackElo "2469"]
[PlyCount "20"]
[EventDate "1999.??.??"]

1. e4 c5 2. b3 Nc6 3. Bb2 e5 4. f4 exf4 5. Qf3 Nd4 6. Bxd4 cxd4 7. Qxf4 Qf6 8.
Ne2 Be7 9. g3 d3 10. e5 10... Qc6 {ural resigns} 0-1

[Event "ICS rated blitz match"]
[Site "204.178.125.65"]
[Date "1999.11.28"]
[Round "?"]
[White "Hossa"]
[Black "ural"]
[Result "1-0"]
[WhiteElo "2473"]
[BlackElo "2144"]
[PlyCount "75"]
[EventDate "1999.??.??"]

1. e4 d5 2. exd5 Qxd5 3. Nc3 Qa5 4. d4 Nf6 5. Nf3 Nc6 6. Bb5 Ne4 7. Bd2 Nxc3 8.
Bxc6+ bxc6 9. bxc3 Ba6 10. Ne5 Qd5 11. Qg4 f6 12. Nd3 Bc8 13. Qg3 e6 14. O-O
Qd7 15. Qf3 Bd6 16. Nc5 Bxc5 17. Qh5+ Ke7 18. Qxc5+ Qd6 19. Qa5 Qd5 20. Qxc7+
Bd7 21. Rfe1 Rhc8 22. Qg3 Kf7 23. Bf4 c5 24. dxc5 Qxc5 25. Red1 Ba4 26. Rab1 e5
27. Rb7+ Rc7 28. Be3 Qe7 29. Rxc7 Qxc7 30. Qf3 Bc6 31. Qf5 g6 32. Qg4 Be8 33.
c4 f5 34. Qh4 h5 35. Bg5 Rc8 36. Bd8 Qxc4 37. Qe7+ Kg8 38. Qxe8+ {ural resigns}
1-0

[Event "ICS rated blitz match"]
[Site "204.178.125.65"]
[Date "1999.11.28"]
[Round "?"]
[White "ural"]
[Black "Hossa"]
[Result "0-1"]
[WhiteElo "2140"]
[BlackElo "2477"]
[PlyCount "84"]
[EventDate "1999.??.??"]

1. e4 c5 2. b3 Nc6 3. Bb2 e5 4. f4 exf4 5. Qf3 Nd4 6. Bxd4 cxd4 7. Qxf4 Qf6 8.
g3 Bd6 9. Qxf6 Nxf6 10. Bg2 O-O 11. Ne2 Re8 12. d3 Bc5 13. Nd2 d5 14. O-O-O Ng4
15. Nf4 Nf2 16. Nxd5 Nxd1 17. Kxd1 Bd6 18. Nc4 Be5 19. Rf1 b5 20. Nxe5 Rxe5 21.
Kd2 Bb7 22. Nf4 b4 23. Ne2 Rd8 24. Ra1 f5 25. a3 Ra5 26. a4 Re5 27. a5 fxe4 28.
dxe4 Bxe4 29. Bxe4 Rxe4 30. Ra4 Rf8 31. Nf4 g5 32. Nd3 Rc8 33. Rxb4 Rf8 34. Rb7
Rf7 35. a6 Re6 36. Nc5 Re3 37. b4 Rf2+ 38. Kd1 Ra3 39. Nb3 d3 40. Ke1 Rxc2 41.
Rb8+ Kf7 42. Rb7+ 42... Kg6 {ural resigns} 0-1

[Event "ICS rated blitz match"]
[Site "204.178.125.65"]
[Date "1999.11.28"]
[Round "?"]
[White "Hossa"]
[Black "ural"]
[Result "0-1"]
[WhiteElo "2481"]
[BlackElo "2136"]
[PlyCount "144"]
[EventDate "1999.??.??"]

1. e4 d5 2. exd5 Qxd5 3. Nc3 Qa5 4. d4 Nf6 5. Nf3 Nc6 6. Bb5 Ne4 7. Bd2 Nxc3 8.
Bxc6+ bxc6 9. bxc3 Bg4 10. O-O Qd5 11. Re1 Bxf3 12. Qxf3 Qxf3 13. gxf3 e6 14.
Rab1 Kd7 15. Rb7 Bd6 16. Reb1 c5 17. Be3 Kc6 18. dxc5 Be5 19. c4 Rhd8 20. h3
Bd4 21. a4 Bxe3 22. fxe3 Rd2 23. R1b2 f5 24. a5 a6 25. e4 fxe4 26. fxe4 g5 27.
R7b3 Rf8 28. Rg3 h6 29. Rgb3 Rf4 30. Re3 h5 31. Rd3 Re2 32. Rd8 Rfxe4 33. Kf1
R2e3 34. Kg2 Rxc4 35. Ra8 Re2+ 36. Kf1 Rexc2 37. Rxc2 Rxc2 38. Rxa6+ Kd5 39.
Ra8 Rxc5 40. Ke2 Kc6 41. a6 Ra5 42. Kf3 Ra4 43. Kg2 g4 44. hxg4 Rxg4+ 45. Kh3
Ra4 46. Kg3 Kc5 47. Re8 Rxa6 48. Kh4 Rd6 49. Rc8 Kb6 50. Kxh5 c5 51. Kg6 Rc6
52. Rb8+ Ka5 53. Kf6 c4 54. Ke7 c3 55. Rb1 c2 56. Rc1 Kb4 57. Kf6 Kc3 58. Ke7
Kb2 59. Rf1 c1=Q 60. Rf2+ Ka1 61. Kd7 Rc7+ 62. Kd8 Rc8+ 63. Ke7 Qc5+ 64. Kf6
Qxf2+ 65. Ke7 Qf8+ 66. Kd7 Rd8+ 67. Kc6 Qd6+ 68. Kb5 Rb8+ 69. Kc4 Rb4+ 70. Kc3
Qd4+ 71. Kc2 Rb2+ 72. Kc1 72... Qd2# {Hossa checkmated} 0-1

[Event "ICS rated blitz match"]
[Site "204.178.125.65"]
[Date "1999.11.28"]
[Round "?"]
[White "GaryG"]
[Black "Hossa"]
[Result "1-0"]
[WhiteElo "2581"]
[BlackElo "2453"]
[PlyCount "79"]
[EventDate "1999.??.??"]

1. Nf3 Nf6 2. g3 d5 3. Bg2 c6 4. O-O Bg4 5. Ne5 Bf5 6. d4 Qc8 7. Re1 Bh3 8. Bf3
Ne4 9. Nd2 Nxd2 10. Bxd2 Nd7 11. Bf4 Nf6 12. c4 e6 13. Qb3 Be7 14. cxd5 Nxd5
15. e4 Nxf4 16. gxf4 h5 17. Bh1 Bg4 18. h3 Bd6 19. hxg4 hxg4 20. Qg3 Qc7 21.
Qxg4 O-O-O 22. Bg2 Rh7 23. Red1 Rdh8 24. Rac1 g6 25. Nxc6 bxc6 26. e5 Bc5 27.
Rxc5 Qd7 28. Rxc6+ Kb8 29. Rd6 Qb5 30. Qf3 Rh1+ 31. Bxh1 Rxh1+ 32. Qxh1 a6 33.
Qh8+ Ka7 34. Qc8 Qb7 35. Qc5+ Ka8 36. Rd8+ Qb8 37. Qc6+ Ka7 38. Rd7+ Qc7 39.
Qxc7+ Ka8 40. Qa7# {Hossa checkmated} 1-0

[Event "ICS rated blitz match"]
[Site "204.178.125.65"]
[Date "1999.11.28"]
[Round "?"]
[White "Varguz"]
[Black "Hossa"]
[Result "1-0"]
[WhiteElo "2822"]
[BlackElo "2450"]
[PlyCount "83"]
[EventDate "1999.??.??"]

1. d4 Nf6 2. c4 g6 3. Nc3 Bg7 4. Nf3 c5 5. d5 O-O 6. e4 d6 7. h3 e5 8. Be2 Nh5
9. O-O Nd7 10. Bg5 f6 11. Be3 Nf4 12. a3 Nxe2+ 13. Qxe2 a5 14. Nb5 Qb6 15. b4
Ra6 16. Rfd1 axb4 17. axb4 f5 18. Qb2 h6 19. Nh4 Kh7 20. exf5 gxf5 21. Qe2 e4
22. Rxa6 bxa6 23. Qh5 axb5 24. Qg6+ Kh8 25. Bxh6 Bxh6 26. Qxh6+ Kg8 27. Qg5+
Kh8 28. Ng6+ Kg8 29. Ne7+ Kf7 30. Nxf5 Rg8 31. Nh6+ Ke8 32. Qxg8+ Nf8 33. Qf7+
Kd8 34. Qxf8+ Kd7 35. Nf7 cxb4 36. c5 dxc5 37. d6 Ke6 38. Qe7+ Kf5 39. Qg5+ Ke6
40. Qg6+ Kd7 41. Ne5+ Kd8 42. Qg8# {Hossa checkmated} 1-0